000 00398nam a2200145Ia 4500
008 090124s9999 xx 000 0 und d
082 _b403361
245 _a श्री गणेश कथा
250 _a1
260 _bगोळे लीला
_c1995
300 _a48
630 _a श्री गणेश कथा
730 _a श्री गणेश कथा
942 _cBOOK
999 _c199844
_d199844